000 00657nam a2200217Ia 4500
001 14986
003 GE_BSU
008 181216s||||||||xx |||||||||||||| ||und||
040 _cGE_BSU
080 _a512.54
100 _aБурбаки,Н.
245 _aГруппы и алгебра Ли. Компактные вещественные группы Ли
245 _cПод.ред.А.А.Кириллова
260 _aМосква
260 _bМир
260 _c1986
300 _a173стр.22см.
653 _aГруппы и алгебра Ли.
653 _aКомпактные вещественные группы Ли
942 _cBK
999 _c48105
_d48105